Pananch fulam jatana: (Record no. 227375)

MARC details
000 -LEADER
fixed length control field 00980nam a22002297a 4500
005 - DATE AND TIME OF LATEST TRANSACTION
control field 20240601100952.0
008 - FIXED-LENGTH DATA ELEMENTS--GENERAL INFORMATION
fixed length control field 230601b ||||| |||| 00| 0 eng d
040 ## - CATALOGING SOURCE
Transcribing agency AL
041 ## - LANGUAGE CODE
Language code of text/sound track or separate title Konkani /Devanāgarī
082 ## - DEWEY DECIMAL CLASSIFICATION NUMBER
Edition number 23
Classification number 891.461
Item number MATP
100 ## - MAIN ENTRY--PERSONAL NAME
Personal name MATHAYAS (Monika Dsa);
100 ## - MAIN ENTRY--PERSONAL NAME
9 (RLIN) 168910
100 ## - MAIN ENTRY--PERSONAL NAME
9 (RLIN) 118819
Dates associated with a name ಮಥಾಯಸ್ ಮೊನಿಕಾ ಡೆಸಾ
245 ## - TITLE STATEMENT
Title Pananch fulam jatana:
Remainder of title ಪಾನಾಂಚ್ ಫುಲಾಂ ಜಾತಾನಾ: पानांच फूलं जाताना
260 ## - PUBLICATION, DISTRIBUTION, ETC.
Place of publication, distribution, etc. Maharashtra
Name of publisher, distributor, etc. Ashavadi Prakashana
Date of publication, distribution, etc. 2023
300 ## - PHYSICAL DESCRIPTION
Extent 88p.
Other physical details PB
Dimensions 21x13cm.
365 ## - TRADE PRICE
Source of price type code Konkani
Price type code 23/03
Price amount 120.00
Currency code
Unit of pricing 150.00
Price note 20%
Price effective from 8-05-2023
650 ## - SUBJECT ADDED ENTRY--TOPICAL TERM
Topical term or geographic name entry element Konkani Poetry: ಕೊಂಕಣಿ ಕವಿತಾ
9 (RLIN) 118222
650 ## - SUBJECT ADDED ENTRY--TOPICAL TERM
Topical term or geographic name entry element Konkani Literature: ಕೊಂಕಣಿ ಸಾಹಿತ್ಯ
9 (RLIN) 118223
700 ## - ADDED ENTRY--PERSONAL NAME
Personal name KVADRAS (Valli): ಕ್ವಾಡ್ರಸ್ (ವಲ್ಲಿ) Ed Tr
9 (RLIN) 118224
700 ## - ADDED ENTRY--PERSONAL NAME
Personal name Quadros Valley
9 (RLIN) 118263
942 ## - ADDED ENTRY ELEMENTS (KOHA)
Source of classification or shelving scheme Dewey Decimal Classification
Koha item type Book
Holdings
Withdrawn status Lost status Source of classification or shelving scheme Damaged status Not for loan Collection code Home library Current library Date acquired Source of acquisition Cost, normal purchase price Total Checkouts Full call number Barcode Date last seen Cost, replacement price Price effective from Koha item type
    Dewey Decimal Classification     Konkani St Aloysius Library St Aloysius Library 05/31/2023 Ashawadi Prakashan Maharashtra-400701 120.00   891.461 MATP 076550 06/01/2023 150.00 06/01/2023 Book
    Dewey Decimal Classification     Konkani St Aloysius Library St Aloysius Library 05/31/2023 Ashawadi Prakashan Maharashtra-400701 120.00   891.461 MATP 076551 06/01/2023 150.00 06/01/2023 Book
    Dewey Decimal Classification     Konkani St Aloysius Library St Aloysius Library 05/31/2023 Ashawadi Prakashan Maharashtra-400701 120.00   891.461 MATP 076552 06/01/2023 150.00 06/01/2023 Book
    Dewey Decimal Classification     Konkani St Aloysius Library St Aloysius Library 05/31/2023 Ashawadi Prakashan Maharashtra-400701 120.00   891.461 MATP 076553 06/01/2023 150.00 06/01/2023 Book
    Dewey Decimal Classification     Konkani St Aloysius Library St Aloysius Library 05/31/2023 Ashawadi Prakashan Maharashtra-400701 120.00   891.461 MATP 076554 06/01/2023 150.00 06/01/2023 Book